000 00587nab a2200181 4500
001 244442
003 OSt
005 20260126124423.0
007 tu
008 260126s2020|||||||
040 _aDE-2950
_cDE-2950
245 0 0 _aMillionen für Entwicklung der Stadt
_bFinanzierung. Minister Detlef Tabbert hat Förderbescheide von Bund und Land für verschiedene Projekte vorbeigebracht/
_cred
264 _c2025
653 _aFrankfurt (Oder)
653 _aFördermittel
773 0 _g37. Jahrgang (2026) Nr. 13 vom 16.01.2026 , S. 13 mit Foto
_tMärkische Oderzeitung
942 _2z
_cA
999 _c374210
_d374210